| 000 | 00611nam a22001933a 4500 | ||
|---|---|---|---|
| 005 | 20230208063854.0 | ||
| 008 | 010531s1996 mx fr 000 0 spa d | ||
| 020 | _a8474854539 | ||
| 035 | _aUPN01000117016 | ||
| 049 | _aCG | ||
| 050 | 4 |
_aHV5801 _bH4.7 |
|
| 245 | 0 | 0 |
_aHerencia genĂ©tica en drogodependencias : _bavances en farmacologĂa de drogodependencias / _ced. J. J. Meana. |
| 260 |
_aBilbao (Esp.) : _bUniversidad de Deusto : _bIDD, _c1996. |
||
| 300 |
_a142 p. : _bil. |
||
| 650 | 4 |
_aAbuso de drogas _9242 |
|
| 650 | 4 |
_aINVESTIGACION FARMACEUTICA _95972 |
|
| 700 | 1 |
_aMeana, J. J., _eed. |
|
| 905 | _aLibro | ||
| 999 |
_c89644 _d89644 |
||